Indigenist African Development and Related Issues : Towards a Transdisciplinary Perspective /

Estudio transdisciplinar sobre el progreso y desarrollo en las comunidades africanas. Sobre el concepto de progreso se ha escrito mucho y, cuando éste pasa de un contexto cultural a otro, es fácil pensar en colonialismo, en imposición de unos cánones que conducen al desarrollo. Este libro habla, más...

Ful tanımlama

Kaydedildi:
Detaylı Bibliyografya
Diğer Yazarlar: Asabere-Ameyaw, Akwasi (edición) (edición)
Materyal Türü: Kitap
Dil:İngilizce
Baskı/Yayın Bilgisi: Rotterdam, Holanda : Sense, 2014, c2014
Seri Bilgileri:(Anti-colonial Educational Perspectives for Transformative Change)
Konular:
Online Erişim:Ver documento en línea
Etiketler: Etiketle
Etiket eklenmemiş, İlk siz ekleyin!

MARC

LEADER 00000nam^a2200000^a^4500
001 000421158
005 20251023000000.0
009 20260310122529.69
020 |a 978-94-6209-659-2 
037 |a Acervo ITESO - Biblioteca 
041 |a ING 
082 |a 330. 960  |b IND 
245 0 0 |a Indigenist African Development and Related Issues :  |b Towards a Transdisciplinary Perspective /  |c Ed. de A. Asabere-Ameyaw... [et al.]. 
264 4 |a Rotterdam, Holanda :  |b Sense,  |c 2014, c2014 
264 2 |a Cham, Suiza :  |b Springer Link [distribución],  |c 2014, c2014 
300 |a 1 libro electrónico en línea (IX, 225 p.) 
300 |a 1 recurso en línea 
336 |a datos para computadora  |b cod  |2 rdacontenido 
337 |a computadora  |b c  |2 rdamedio 
338 |a recurso en línea  |b cr  |2 rdasoporte 
440 1 |a (Anti-colonial Educational Perspectives for Transformative Change) 
506 0 |a Licencias ilimitadas 
520 |a Estudio transdisciplinar sobre el progreso y desarrollo en las comunidades africanas. Sobre el concepto de progreso se ha escrito mucho y, cuando éste pasa de un contexto cultural a otro, es fácil pensar en colonialismo, en imposición de unos cánones que conducen al desarrollo. Este libro habla, más que de desarrollo de contextos, de opciones viables de desarrollo enraizadas en el conocimiento cultural y los ricos legados de tradición intelectual. Es un intento de diseñar su propio futuro como africanos, usando como recurso su conocimiento cultural, sin verse forzados a imitar formas dominantes o convencionales de patrones de desarrollo. 
649 |a XX 
650 |a Profesores -  |z Tanzania -  |x Condiciones Sociales y Culturales 
650 |a Mujeres -  |z Tanzania -  |x Condiciones Sociales y Culturales 
650 |a Africanos en Canadá -  |x Condiciones Sociales y Culturales 
650 |a Grupos Etnicos -  |z Africa -  |x Condiciones Sociales y Culturales 
650 |a Grupos Etnicos -  |z Africa -  |x Condiciones Políticas 
650 |a Abasto de Alimentos -  |z Ghana 
650 |a Abasto de Alimentos -  |z Africa 
650 |a Diversidad Cultural -  |x Africa 
650 |a Desarrollo Económico-Social -  |z Africa -  |x Tema Principal 
650 |a Desarrollo Sustentable -  |z Africa 
650 |a Cooperación Internacional -  |z Canadá 
650 |a Cooperación Internacional -  |z Africa 
650 |a Axiología en la Educación -  |z Etiopía 
650 |a Axiología en la Educación -  |z Africa 
650 |a Educación Superior -  |z Africa 
650 |a Ciencia -  |z Ghana -  |x Estudio y Enseñanza 
650 |a Ciencia -  |z Africa -  |x Estudio y Enseñanza 
650 |a Sociología 
650 |a Africa -  |x Condiciones Sociales y Culturales 
700 |a Asabere-Ameyaw, Akwasi  |e (edición) 
856 4 0 |u https://link-springer-com.ezproxy.iteso.mx/10.1007/978-94-6209-659-2  |y Ver documento en línea 
910 |a Fondo General 
920 |a Electrónicos - Libros en Línea 
930 |a Plataforma Digital 
905 |a 205 
901 |a 421158-1  |b IT2  |c EBO  |i C172346  |u 20250521 
902 |a https://opac.biblio.iteso.mx/vufind/Record/000421158